US Cities by Longitude Quiz Stats

Quiz Updated Mar 28, 2012

Challenge
Share
Tweet
Embed
Score 0/120 Timer 14:00
1 Play Today
% Correct
New York
95.7%
Los Angeles
93.5%
Chicago
89.5%
San Francisco
89.1%
Seattle
89%
Boston
88.7%
Dallas
87.6%
Houston
86.6%
Miami
86.4%
San Diego
86.1%
Denver
84.1%
Philadelphia
84%
Phoenix
83.9%
Portland
82.7%
Las Vegas
81.9%
Honolulu
81.2%
Atlanta
80.7%
Detroit
79.5%
Washington
78.4%
New Orleans
77.6%
St. Louis
77.2%
Kansas City
76.3%
San Antonio
75.9%
Pittsburgh
74.7%
Cleveland
74.6%
Minneapolis
74.5%
Anchorage
74%
Austin
73.8%
Oklahoma City
73.5%
Nashville
73.2%
Baltimore
73.1%
Salt Lake City
72.8%
Indianapolis
72.7%
Sacramento
72.4%
Juneau
71.6%
Memphis
69.9%
Columbus
69.3%
Jacksonville
69.2%
Cincinnati
68.7%
St. Paul
67.6%
% Correct
San Jose
66.8%
Buffalo
65.2%
Tampa
63.6%
Raleigh
62.9%
Oakland
62.1%
Milwaukee
62%
Charlotte
60.6%
Albuquerque
60.3%
El Paso
59%
Fort Worth
58.8%
Omaha
58%
Louisville
57.8%
Providence
56.7%
Little Rock
56.4%
Newark
55.7%
Tucson
55.6%
Des Moines
55%
Springfield
54.3%
Colorado Springs
53.2%
Baton Rouge
52.1%
Madison
51.8%
Birmingham
49.6%
Tulsa
49.1%
Fairbanks
45.9%
Jersey City
42.9%
Anaheim
42.5%
Fresno
42.2%
Lexington
40.1%
Montgomery
39.5%
Wichita
39.1%
Tacoma
38.9%
Virginia Beach
38.5%
Long Beach
37.2%
Mobile
37%
Mesa
36.4%
Boulder
34.6%
Arlington
33.5%
Bakersfield
33.4%
Durham
33.4%
Norfolk
32.2%
% Correct
Billings
30.8%
Aurora
30.4%
Scottsdale
30.3%
Hilo
30.2%
Glendale
30.1%
Fort Wayne
28.4%
Riverside
28%
Tempe
27.6%
Worcester
26.7%
Yonkers
25.1%
Lubbock
24.8%
Amarillo
23.5%
Henderson
22.6%
Bridgeport
22.5%
Greensboro
22.5%
Santa Ana
22%
Shreveport
20.7%
Fort Collins
19.9%
Stockton
19.4%
Pueblo
17%
Las Cruces
16.1%
Chandler
14.9%
Modesto
14.8%
Paterson
12.9%
Fremont
12.9%
Chula Vista
12.5%
Gilbert
12.3%
Midland
11.7%
Odessa
11.6%
Pearl City
10.4%
Lakewood
7.8%
Arvada
7.7%
Kailua
7.6%
Westminster
6.2%
Centennial
5.6%
Thornton
5.3%
East Honolulu
4.7%
Longmont
4.3%
Waipahu
4.1%
Kaneohe
4.1%

You're not logged in!

Compare scores with friends on all Sporcle quizzes.
Sign Up with Email
OR
Log In

You Might Also Like...

Show Comments

Extras

Top Quizzes Today


Score Distribution

Your Account Isn't Verified!

In order to create a playlist on Sporcle, you need to verify the email address you used during registration. Go to your Sporcle Settings to finish the process.